000 00954nam a22003017a 4500
001 9071
003 FISKH
005 20251118155601.0
008 251118b cb ||||| |||| 00| 0 eng d
020 _a0307103439
040 _aFISKH
_beng
_cFISKH
_dFISKH
050 _aPZ7.M122817 J
082 _a465
100 _aMcCafferty, Catherine
245 _aJust be nice .... and say you're sorry ! /
_cBy Catherine McCafferty : Illustrated by Darrell Baker
260 _aNew York :
_bA Golden Book ,
_c1998 .
300 _a24 unnumbered pages :
_bcolor illustrations ;
_c20 cm .
490 _aGolden Books
505 _aF
520 _aRabbit has a bad morning and upsets his friends.
521 8 _a350
_bLexile estimate
521 8 _aF
_bRaz-Plus
650 _aGrumpiness
_vChildren's Stories
650 _aBad moods
_vChildren's Stories
700 _aBaker, Darrell
_eIllustrator
942 _2ddc
_cBK
_n0
999 _c9071
_d9071